| 000 | 00743cam a2200229 a 4500 | ||
|---|---|---|---|
| 999 |
_c528895 _d528895 |
||
| 003 | Nust | ||
| 005 | 20190916052140.0 | ||
| 008 | 170216b xxu||||| |||| 00| 0 eng d | ||
| 020 | _a0070613974 (acidfree) | ||
| 038 | _aMSOHAIL | ||
| 040 | _cNust-MCE | ||
| 082 | 0 | 0 |
_a628.5/3 _bDEN |
| 100 | 1 |
_aDe Nevers, Noel, _920705 |
|
| 245 | 1 | 0 |
_aAir pollution control engineering / _cNoel de Nevers. |
| 260 |
_aNew York : _bMcGraw-Hill, _cc1995. |
||
| 300 |
_axxi, 506 p. : _bill. ; _c24 cm. |
||
| 650 | 0 |
_aAir _xPollution. _92261 |
|
| 650 | 0 |
_aAir _xPurification _xEquipment and supplies. _96489 |
|
| 856 | 4 | 2 | _uhttp://www.loc.gov/catdir/description/mh022/94012074.html |
| 856 | 4 | 1 | _uhttp://www.loc.gov/catdir/toc/mh022/94012074.html |
| 942 |
_cBK _2ddc |
||